McGraw-Hill's new GRE : (Record no. 3081)

MARC details
000 -LEADER
fixed length control field 00488nam a2200157 4500
001 - CONTROL NUMBER
control field 3767
005 - DATE AND TIME OF LATEST TRANSACTION
control field 20181127171933.0
010 00 - LIBRARY OF CONGRESS CONTROL NUMBER
LC control number
020 00 - INTERNATIONAL STANDARD BOOK NUMBER
International Standard Book Number 978071742665
090 00 - LOCALLY ASSIGNED LC-TYPE CALL NUMBER (OCLC); LOCAL CALL NUMBER (RLIN)
Classification number (OCLC) (R) ; Classification number, CALL (RLIN) (NR) 371.262 G7811m 2011
245 00 - TITLE STATEMENT
Title McGraw-Hill's new GRE :
Remainder of title Graduate record examination general test /
Statement of responsibility, etc. Steven W. Dulan and the Faculty of Advantage Eduation.
Medium
260 00 - PUBLICATION, DISTRIBUTION, ETC.
Place of publication, distribution, etc. New York :
Name of publisher, distributor, etc. McGraw-Hill,
Date of publication, distribution, etc. 2011.
300 00 - PHYSICAL DESCRIPTION
Extent xiv, 468 p. ; 18 cm.
500 00 - GENERAL NOTE
General note
650 00 - SUBJECT ADDED ENTRY--TOPICAL TERM
Topical term or geographic name entry element Graduate Record Examination --Study guides.
General subdivision
Holdings
Withdrawn status Lost status Source of classification or shelving scheme Damaged status Not for loan Collection code Home library Current library Shelving location Serial Enumeration / chronology Inventory number Total Checkouts Full call number Barcode Date last seen Price effective from Koha item type
    Dewey Decimal Classification     Main TEST RTC Library RTC Library Main opac 6399   371.262 GRE 30006161 27/11/2018 27/11/2018 Main
    Dewey Decimal Classification     Desk RTC Library RTC Library Desk     371.262 GRE 30006213 27/11/2018 27/11/2018 Desk (DVD/CD)
Royal Thimphu College || All Right Reserved